00331pab a2200121 454500008004000000100002700040245008100067260000900148300001300157362001200170650001400182773001300196180718b2012 xxu||||| |||| 00| 0 eng d aPandey, Vibhut Narayan aInvisible migration in India (a case study of Lucknow city in Uttar Pradesh) c2012 ap.50-60. aOct-Dec aMigration aNagarlok